A Political Ecology of Common People (Record no. 43725)

MARC details
001 - CONTROL NUMBER
control field 000
003 - CONTROL NUMBER IDENTIFIER
control field 0000
005 - DATE AND TIME OF LATEST TRANSACTION
control field 20251011182958.0
020 ## - INTERNATIONAL STANDARD BOOK NUMBER
International Standard Book Number 9781032512907
040 ## - CATALOGING SOURCE
Description conventions rda
050 ## - LIBRARY OF CONGRESS CALL NUMBER
Classification number JC 328.7 .B53
100 ## - MAIN ENTRY--PERSONAL NAME
Personal name Bidet Jacques
245 ## - TITLE STATEMENT
Title A Political Ecology of Common People
260 ## - PUBLICATION, DISTRIBUTION, ETC. (IMPRINT)
Place of publication, distribution, etc London
Name of publisher, distributor, etc Routledge
Date of publication, distribution, etc 2024
264 ## - PUBLICATION, DISTRIBUTION, ETC. (IMPRINT)
Place of publication, distribution, etc London
Name of publisher, distributor, etc Routledge
Date of publication, distribution, etc 2024
300 ## - PHYSICAL DESCRIPTION
Extent viii,183p.
336 ## - CONTENT TYPE
Source rdacontent
338 ## - CARRIER TYPE
Source rdacarrier
490 ## - SERIES STATEMENT
Series statement Critiques and Alternatives to Capitalism
504 ## - BIBLIOGRAPHY, ETC. NOTE
Bibliography, etc Includes Index
650 ## - SUBJECT ADDED ENTRY--TOPICAL TERM
Source of heading or term Political ecology.
Form subdivision
General subdivision
942 ## - ADDED ENTRY ELEMENTS (KOHA)
Source of classification or shelving scheme Library of Congress Classification
Koha item type Books
Holdings
Withdrawn status Lost status Source of classification or shelving scheme Damaged status Not for loan Permanent Location Current Location Date acquired Total Checkouts Full call number Barcode Date last seen Price effective from Koha item type
    Library of Congress Classification     NILE UNIVERSITY OF NIGERIA - MAIN LIBRARY NILE UNIVERSITY OF NIGERIA - MAIN LIBRARY 10/11/2025   JC 328.7 .B53 0199058 10/11/2025 10/11/2025 Books
    Library of Congress Classification     NILE UNIVERSITY OF NIGERIA - MAIN LIBRARY NILE UNIVERSITY OF NIGERIA - MAIN LIBRARY 10/11/2025   JC 328.7 .B53 0199059 10/11/2025 10/11/2025 Books